[Event "Pozarevac Rudar IM 04"]
[Site "Pozarevac"]
[Date "2024.04.14"]
[Round "6"]
[White "Isanzhulov, Arystan"]
[Black "Sai Mahati, Alapati"]
[Result "1-0"]
[WhiteElo "2407"]
[BlackElo "2155"]
[PlyCount "135"]
[EventDate "2024.04.10"]
[EventType "tourn"]
[EventRounds "9"]
[EventCountry "SRB"]
[EventCategory "1"]
[SourceTitle "CB17_2024"]
[SourceDate "2024.04.24"]
[SourceVersion "1"]
[SourceVersionDate "2024.04.24"]
[SourceQuality "1"]

1. e4 e6 2. Qe2 c5 3. Nf3 Nc6 4. g3 d6 5. Bg2 Nf6 6. 0-0 Be7 7. e5 dxe5 8. Nxe5 Nd4 9. Qd1 Qc7 10. Re1 0-0 11. d3 Nd5 12. c3 Nf5 13. a4 Bd6 14. Nc4 Be7 15. Nba3 Bf6 16. Qe2 Bd7 17. a5 Bc6 18. Bd2 Nde7 19. Bf4 Qd8 20. Be4 Ng6 21. Qf3 Rc8 22. a6 Nxf4 23. axb7 Nh3+ 24. Kg2 Bxb7 25. Bxb7 Ng5 26. Qf4 Rb8 27. Be4 Ne7 28. h4 Nd5 29. Qd6 Nxe4 30. dxe4 Nb6 31. Red1 Qc8 32. Qf4 Na4 33. e5 Be7 34. Rd2 Nb6 35. Qf3 Nd5 36. Nc2 Qc7 37. Rdd1 f5 38. Ra6 Nb6 39. N2e3 Qb7 40. Qxb7 Rxb7 41. f4 Rd8 42. Rxd8+ Bxd8 43. Na5 Rc7 44. Nec4 Rd7 45. Kf2 h6 46. h5 g5 47. hxg6 Kg7 48. Ke2 Kxg6 49. Nd6 Nd5 50. Nac4 h5 51. Kf3 Nb6 52. Ne3 h4 53. gxh4 Bxh4 54. Ra1 Be7 55. Rg1+ Kh7 56. Ndc4 Bd8 57. Ke2 Nd5 58. Nxd5 Rxd5 59. Ra1 Rd7 60. Ra6 Re7 61. Rc6 Bb6 62. Nd2 Kg8 63. Nf3 Rg7 64. Ng5 Bd8 65. Rc8 Rd7 66. Nxe6 Kf7 67. Nxd8+ Ke7 68. Nc6+ 1-0

[Event "IND-chT (Women) 21st"]
[Site "Dharamshala"]
[Date "2024.04.02"]
[Round "5.3"]
[White "Sai Mahati, Alapati"]
[Black "Anagha, Yardi"]
[Result "1-0"]
[WhiteElo "2155"]
[BlackElo "1482"]
[PlyCount "81"]
[EventDate "2024.03.29"]
[EventType "team-swiss"]
[EventRounds "7"]
[EventCountry "IND"]
[SourceTitle "CB15_2024"]
[SourceDate "2024.04.10"]
[SourceVersion "1"]
[SourceVersionDate "2024.04.10"]
[SourceQuality "1"]
[WhiteTeam "Telangana (W)"]
[BlackTeam "LIC of India (W)"]
[WhiteTeamCountry "IND"]
[BlackTeamCountry "IND"]

1. d4 d5 2. c4 c6 3. Nc3 Nf6 4. e3 Bg4 5. Nf3 e6 6. h3 Bh5 7. Be2 Be7 8. 0-0 0-0 9. b3 Nbd7 10. Bb2 Qc7 11. Rc1 Rac8 12. Ne5 Bxe2 13. Qxe2 Rfd8 14. Nd3 Qb8 15. Rfd1 Bd6 16. e4 e5 17. dxe5 Nxe5 18. cxd5 cxd5 19. Nxd5 Nxd5 20. Rxc8 Rxc8 21. exd5 Nxd3 22. Qxd3 Re8 23. Bc3 b6 24. Re1 Rxe1+ 25. Bxe1 Be5 26. Bc3 Bd6 27. Qd4 f6 28. Bb4 Kf7 29. Bxd6 Qxd6 30. Qc4 Qc5 31. Kf1 Qxc4+ 32. bxc4 a6 33. Ke2 Ke7 34. Kd3 Kd6 35. Kd4 a5 36. a4 g6 37. f4 f5 38. h4 h6 39. g3 h5 40. c5+ bxc5+ 41. Kc4 1-0